| 000 | 00479nam a2200181Ia 4500 | ||
|---|---|---|---|
| 003 | IN-BaIIA | ||
| 008 | 211028s9999 xx 000 0 eng d | ||
| 040 | _cIIA Library | ||
| 080 |
_a530.145 _bGUR |
||
| 100 |
_aGurney, R. W. _91537 |
||
| 245 | 0 |
_aElementary quantum mechanics _cR. W. Gurney |
|
| 250 | _a2nd ed. | ||
| 260 |
_aCambridge _bCambridge University Press _c1940 |
||
| 300 | _a161p. | ||
| 650 |
_aQuantum mechanics _91538 |
||
| 650 |
_aQuantum theory _91539 |
||
| 942 | _cBK | ||
| 999 |
_c719 _d719 |
||